000
00330nam a2200145Ia 4500
008
150301s2014 xx 000 0 und d
082
_a
618.92
_b
P14A
100
_a
AGARWAL, KN
245
_a
TB. OF PEDIATRICS
250
_a
1ST
260
_b
ANE BOOK PUB
_a
DELHI
_c
2014
300
_a
422
650
_a
PEDIATRICS
942
_2
ddc
_c
BK
999
_c
6709
_d
6709